Govt. of
Madhya Pradesh

मुुख्‍य परीक्षा दर्पण मध्‍य प्रदेश लोक सेवा आयोग सविधान शासन व्‍यवस्‍था ,राजनैतिक एंव प्रशासनिक सरचना प्रश्‍न पत्र-2 खंड -1 इकाई -1 (Record no. 66318)

MARC details
000 -LEADER
fixed length control field 00772nam a22001577a 4500
003 - CONTROL NUMBER IDENTIFIER
control field macl
005 - DATE AND TIME OF LATEST TRANSACTION
control field 20231105123824.0
008 - FIXED-LENGTH DATA ELEMENTS--GENERAL INFORMATION
fixed length control field 231105b |||||||| |||| 00| 0 eng d
040 ## - CATALOGING SOURCE
Transcribing agency macl
082 ## - DEWEY DECIMAL CLASSIFICATION NUMBER
Classification number 320
100 ## - MAIN ENTRY--PERSONAL NAME
Personal name गुप्‍ताा,संजय
9 (RLIN) 82015
245 ## - TITLE STATEMENT
Title मुुख्‍य परीक्षा दर्पण मध्‍य प्रदेश लोक सेवा आयोग सविधान शासन व्‍यवस्‍था ,राजनैतिक एंव प्रशासनिक सरचना प्रश्‍न पत्र-2 खंड -1 इकाई -1
260 ## - PUBLICATION, DISTRIBUTION, ETC. (IMPRINT)
Place of publication, distribution, etc. दिल्‍ली
Name of publisher, distributor, etc. निर्माण IAS प्रकाशन
Date of publication, distribution, etc. 2020
650 ## - SUBJECT ADDED ENTRY--TOPICAL TERM
Topical term or geographic name as entry element सविधान
942 ## - ADDED ENTRY ELEMENTS (KOHA)
Source of classification or shelving scheme
Koha item type Hindi Books
Holdings
Withdrawn status Lost status Source of classification or shelving scheme Damaged status Not for loan Home library Current library Date acquired Cost, normal purchase price Total Checkouts Full call number Barcode Date last seen Price effective from Koha item type
          MACL MACL 05/11/2023 320.00   320 DPI001587 05/11/2023 05/11/2023 Hindi Books